|
|
|
|
| LEADER |
01614nam a2200349 a 4500 |
| 001 |
37895 |
| 003 |
BD-DhAAL |
| 005 |
20250916094138.0 |
| 008 |
220306t1995 enka bf 001 0 eng d |
| 010 |
|
|
|a 95007262
|
| 020 |
|
|
|a 0750704241 (cased : acidfree)
|
| 020 |
|
|
|a 075070425X (paper : acidfree)
|
| 020 |
|
|
|a 9780750704243
|
| 040 |
|
|
|a DLC
|c DLC
|d DLC
|d BD-DhAAL
|
| 043 |
|
|
|a e-uk-en
|a e-uk-wl
|
| 050 |
0 |
0 |
|a LB1564.G7
|b D482 1995
|
| 082 |
0 |
0 |
|a 372.190941
|2 20
|
| 245 |
0 |
0 |
|a Developing a leadership role within the Key Stage 2 curriculum :
|b a handbook for students and newly qualified teachers /
|c edited by Mike Harrison.
|
| 260 |
|
|
|a London :
|a Washington, D.C. :
|b Falmer Press,
|c c1995.
|
| 300 |
|
|
|a viii, 223 pages :
|b illustrations ;
|c 24 cm.
|
| 504 |
|
|
|a Includes bibliographical references and index.
|
| 526 |
|
|
|a BIED
|
| 541 |
|
|
|a Complimentary copy from BIED
|e 37895
|
| 650 |
|
0 |
|a Education, Elementary
|x Curricula
|z England
|v Handbooks, manuals, etc.
|9 46434
|
| 650 |
|
0 |
|a Education, Elementary
|x Curricula
|z Wales
|v Handbooks, manuals, etc.
|9 46435
|
| 650 |
|
0 |
|a Curriculum planning
|z England
|v Handbooks, manuals, etc.
|9 46436
|
| 650 |
|
0 |
|a Curriculum planning
|z Wales
|v Handbooks, manuals, etc.
|9 46437
|
| 700 |
1 |
|
|a Harrison, Mike
|q (Mike A.)
|9 46438
|
| 852 |
|
|
|a Ayesha Abed Library
|c General Stacks
|
| 942 |
|
|
|2 ddc
|c BK
|
| 999 |
|
|
|c 43668
|d 43668
|
| 952 |
|
|
|0 0
|1 0
|2 ddc
|4 0
|6 372_190941000000000_DEV
|7 0
|9 70000
|a BRACUL
|b BRACUL
|c GEN
|d 2022-03-06
|e Complimentary copy from BIED
|l 0
|o 372.190941 DEV
|p 3010037895
|r 2022-03-06
|t 1
|w 2022-03-06
|y BK
|x Complimentary copy from BIED ; Transferred from BIED to General Stacks
|